Größte Städte in Thüringen A-Z - Statistiken

Allgemein
  • Dieses Quiz wurde 290 mal gespielt
    46 seit der letzten Aktualisierung
  • Das Durchschnittsergebnis liegt bei 10 aus 23
Antwortstatistiken
# Einwohner Stadt % Korrekt
E 218.793 Erfurt
100%
G 95.608 Gera
100%
J 109.725 Jena
100%
W 65.954 Weimar
87%
A 31.093 Altenburg
79%
S 34.685 Suhl
72%
M 36.353 Mühlhausen
67%
N 40.767 Nordhausen
67%
I 38.834 Ilmenau
64%
R 24.852 Rudolstadt
59%
Z 15.677 Zeulenroda-Triebes
38%
B 22.557 Bad Salzungen
33%
P 11.960 Pößneck
31%
L 19.957 Leinefelde-Worbis
28%
H 18.230 Heilbad Heiligenstadt
23%
O 9.991 Ohrdruf
23%
F 7.352 Friedrichroda
10%
V 4.891 Vacha
8%
D 12.204 Dingelstädt
5%
T 5.772 Treffurt
5%
C 985 Clingen
3%
U 455 Ummerstadt
3%
K 6.979 Königsee
0%
Keine übereinstimmenden Quizze gefunden
Verteilung der Resultate
Anzahl Personen mit jedem Resultat
Perzentil nach korrekt beantworteten Fragen
Ihre Resultats-Entwicklung
Sie haben dieses Quiz seit der letzten Aktualisierung nicht gespielt